SBI State Bank Of India Junior Associates: (Record no. 152921)

MARC details
000 -LEADER
fixed length control field 00702nam a22002057a 4500
005 - DATE AND TIME OF LATEST TRANSACTION
control field 20180626150246.0
010 ## - LCCN (DPL NO)
LC control number ENG-123284
020 ## - INTERNATIONAL STANDARD BOOK NUMBER
Terms of availability 185.00
International Standard Book Number 9789352833245
035 ## - SYSTEM CONTROL NUMBER
System control number EN-106816
037 ## - SOURCE OF ACQUISITION
Source of stock number/acquisition DBAD/PUB
082 ## - DEWEY DECIMAL CLASSIFICATION NUMBER
Classification number 000
245 ## - TITLE STATEMENT
Title SBI State Bank Of India Junior Associates:
Statement of responsibility, etc Created and compiled by S. Chand Experts
Remainder of title customer support & sales/
246 ## - VARYING FORM OF TITLE
Title proper/short title SBI State Bank Of India Junior Associates online preliminary exam 2018
260 ## - PUBLICATION, DISTRIBUTION, ETC. (IMPRINT)
Place of publication, distribution, etc New Delhi
Name of publisher, distributor, etc S Chand Publishing
Date of publication, distribution, etc 2018
270 ## - ADDRESS
Address Ram Nagar.
City New Delhi
Postal code 110055
300 ## - PHYSICAL DESCRIPTION
Extent 244p.
Dimensions 25cm(pbk)
490 ## - SERIES STATEMENT
Series statement S.Chand's Exam Success Series
500 ## - GENERAL NOTE
General note 20 practice sets
942 ## - ADDED ENTRY ELEMENTS (KOHA)
Source of classification or shelving scheme Dewey Decimal Classification
Item type English Books
Call number suffix CHA
Classification part 000
Holdings
Withdrawn status Lost status Not for loan Collection code Home library Current library Date acquired Source of acquisition Cost, normal purchase price Full call number Barcode Copy number Cost, replacement price Koha item type
    Not For Loan Non-fiction D.B.Act.Division Sarojini Nagar 21/06/2018 DBAD/PUB 185.00 000 CHA EN-106816 1 185.00 English Books

© Delhi Public Library
Hit Counter
free hit counter